| 000 | 00951nam0a22002891 4500 | ||
|---|---|---|---|
| 001 | rc\4423099 | ||
| 005 | 20250611171941.0 | ||
| 021 |
_aRU _b68-55635 |
||
| 021 |
_aRU _bРг5706-68 |
||
| 035 | _a(NLR Aleph) 008307479 | ||
| 090 |
_a8675507 _c8675507 |
||
| 100 | _a20130416d1968 |||y0rusy50 ca | ||
| 101 | 1 |
_arus _cbul |
|
| 102 | _aRU | ||
| 105 | _ay z |||a| | ||
| 200 | 1 |
_aЦарская милость _eПьеса в 7 карт. _fПер. с болг. В. Легентова _gОтд. распространения драм. произведений ВУОАП |
|
| 210 |
_aМосква _cБ. и. _d1968 |
||
| 215 |
_a100 с. _d28 |
||
| 300 | _aОтпеч. множит. аппаратом | ||
| 700 | 1 |
_aЗидаров _bК. _f1902- _gКамен |
|
| 702 | 1 |
_aЛегентов _bВ. _4730 |
|
| 702 | 1 |
_aАртемов _bА. _4340 |
|
| 801 | 0 |
_aRU _bNLR _gpsbo |
|
| 801 | 1 |
_aRU _bELAR _2rusmarc |
|
| 852 |
_aNLR _j68-8/1206 |
||
| 942 | _cBOOK | ||
| 980 | _aNB | ||